Geology of gold (South Africa, Australia, New Zealand) /

Bibliographic Details
Main Author: Dunn, E. J. (Edward John), 1844-1937
Format: Book
Language:English
Published: London : C. Griffin & company, limited, 1929.
Subjects:

MARC

Tag First Indicator Second Indicator Subfields
LEADER 00000cam a2200000 4500
001 in00000052432
005 20151007070134.0
008 750514s1929 enkab 00000 eng
010 |a  29024059  
035 |a (OCoLC)01331951 
035 |9 AAE3418AM 
040 |a DLC  |c TOL  |d TXA  |d UtOrBLW 
049 |a TXAM  |c [268176] 
050 0 0 |a TN420  |b .D84 
092 |a 553.41  |b D923g 
100 1 |a Dunn, E. J.  |q (Edward John),  |d 1844-1937. 
245 1 0 |a Geology of gold (South Africa, Australia, New Zealand) /  |c By E. J. Dunn ... With frontispiece and 424 illustrations. 
264 1 |a London :  |b C. Griffin & company, limited,  |c 1929. 
300 |a  x, 303 pages, 1 unnumbered page :  |b frontispiece, 161 plates (including, maps, profiles) on 81 1. ;  |c 26 cm. 
336 |a text  |b txt  |2 rdacontent 
337 |a unmediated  |b n  |2 rdamedia 
338 |a volume  |b nc  |2 rdacarrier 
650 0 |a Gold mines and mining  |z South Africa. 
650 0 |a Gold mines and mining  |z Australia. 
650 0 |a Gold mines and mining  |z New Zealand. 
650 0 |a Geology  |z South Africa. 
650 0 |a Geology  |z Australia. 
650 0 |a Geology  |z New Zealand. 
999 |a MARS 
999 f f |s e9fd7f31-6c8a-36f8-817c-fdffc757e677  |i 92baf82b-048e-3261-a8d9-012806d73dec  |t 0 
952 f f |p ric  |a Texas A&M University  |b Rellis Campus  |c Joint Library Facility  |d Remote Storage  |t 0  |e TN420 .D84  |h Library of Congress classification  |i unmediated -- volume  |m A14800958967 
998 f f |a TN420 .D84  |t 0  |l Remote Storage